Catálogo colectivo de las publicaciones periódicas recibidas en el Cdx

Gardado en:
Detalles Bibliográficos
Outros autores: Salterain, G Comp, Llorente, C
Formato: Libro
Idioma:Spanish
Publicado: Madrid, España: Centro de Estudios y Experimentación de Obras Públicas. Departamento de Información y Documentación 1981
Series:Documentos
Etiquetas: Engadir etiqueta
Sen Etiquetas, Sexa o primeiro en etiquetar este rexistro!

MARC

LEADER 00000nam a2200000Ia 4500
003 MV0106
005 20221231144003.0
008 140114s1981 sp a 000 ||spa d
040 |c cru CEDI 
090 |a MV 106  
245 |a Catálogo colectivo de las publicaciones periódicas recibidas en el Cdx 
260 |a Madrid, España: Centro de Estudios y Experimentación de Obras Públicas. Departamento de Información y Documentación   |c 1981 
300 |a 102 páginas  
440 |a Documentos   |n D5  |9 21761 
700 |9 21759  |a Salterain, G   |d Comp. 
700 |9 21760  |a Llorente, C 
942 |c MX 
999 |c 15218  |d 15218